Imperial Russia and Zemstvo Postage Stamps and Covers. The Robert W. Baughman Collection (Record no. 2755)

000 -LEADER
fixed length control field 00356nam a22000977a 4500
008 - FIXED-LENGTH DATA ELEMENTS--GENERAL INFORMATION
fixed length control field 180616b ||||| |||| 00| 0 eng d
100 ## - MAIN ENTRY--AUTHOR'S NAME
Author's Name Siegel, Robert
245 ## - TITLE STATEMENT
Title Imperial Russia and Zemstvo Postage Stamps and Covers. The Robert W. Baughman Collection
260 ## - PUBLICATION, DISTRIBUTION, ETC. (IMPRINT)
Name of publisher, distributor, etc. Robert A. Siegel, Sale 392 PR
Date of publication, distribution, etc. 1971
650 ## - TOPICAL TERM (Tag)
Topical term or geographic name Russia, | Locals and Private Posts, | Zemstvo
Holdings
Withdrawn status Lost status Source of classification or shelving scheme Damaged status Koha normalized classification for sorting Not for loan Collection code Permanent Location Current Location Shelving location Date acquired Total Checkouts Full call number Barcode Date last seen Copy number Price effective from Public note
        G7001 C614 S571     Northern Philatelic Library Northern Philatelic Library General Stacks 06/16/2018   G7001 C614 S571 1005127 06/16/2018 1 06/16/2018 auction catalog

Powered by Koha